Countries with more than 25 Million People - Statistics

General Stats
  • This quiz has been taken 81 times
    74 since last reset
  • The average score is 45 of 52
Answer Stats
Population Country % Correct
59 mill Italy
100%
143 mill Russia
100%
65 mill United Kingdom
100%
211 mill Brazil
98%
1,388 mill China
98%
1,342 mill India
98%
326 mill United States of America
98%
64 mill France
97%
80 mill Germany
97%
263 mill Indonesia
97%
80 mill Iran
97%
130 mill Mexico
97%
46 mill Spain
97%
95 mill Vietnam
97%
44 mill Argentina
95%
49 mill Colombia
95%
126 mill Japan
95%
191 mill Nigeria
95%
196 mill Pakistan
95%
80 mill Turkey
95%
95 mill Egypt
94%
104 mill Ethiopia
94%
55 mill South Africa
94%
32 mill Peru
92%
38 mill Poland
92%
50 mill South Korea
92%
44 mill Ukraine
92%
38 mill Iraq
91%
42 mill Sudan
91%
68 mill Thailand
91%
36 mill Canada
89%
32 mill Saudi Arabia
89%
41 mill Algeria
88%
48 mill Kenya
88%
31 mill Malaysia
88%
31 mill Venezuela
88%
164 mill Bangladesh
86%
103 mill Philippines
86%
56 mill Tanzania
85%
35 mill Morocco
83%
25 mill North Korea
83%
82 mill Democratic Republic of the Congo
82%
34 mill Afghanistan
80%
54 mill Myanmar (Burma)
77%
26 mill Angola
75%
29 mill Mozambique
68%
41 mill Uganda
68%
28 mill Ghana
62%
29 mill Nepal
57%
28 mill Yemen
52%
25 mill Madagascar
51%
30 mill Uzbekistan
43%
No matching quizzes found
Score Distribution
Percent of People with Each Score
Percentile by Number Answered
Your Score History
You have not taken this quiz since the last reset